All Cities Starting with 'B' (with map) - Statistics

General Stats
  • This quiz has been taken 972 times
  • The average score is 62 of 347
Answers on the Map
Answers color-coded by a green-red scale on the quiz's map according to % correct below.
 
Answer Stats
Countries Cities % Correct
Sierra Leone Bo
97%
United Kingdom Birmingham
87%
United States Birmingham, Alabama
87%
United States Boston
86%
Spain Barcelona
85%
Venezuela Barcelona, Anzoátegui
85%
Australia Brisbane
84%
Romania Bucharest
84%
Hungary Budapest
84%
Thailand Bangkok
83%
Germany Berlin
83%
Brazil Brasília
83%
Belgium Brussels
83%
Argentina Buenos Aires
83%
China Beijing
80%
Switzerland Bern
78%
Colombia Bogota
78%
Serbia Belgrade
77%
Iraq Baghdad
73%
Azerbaijan Baku
71%
Mali Bamako
70%
India Bangalore
70%
Norway Bergen
69%
Kyrgyzstan Bishkek
67%
France Bordeaux
67%
Slovakia Bratislava
67%
United Kingdom Bristol
67%
South Korea Busan
67%
Lebanon Beirut
66%
United Kingdom Belfast
65%
Italy Bologna
65%
Italy Bari
63%
Moldova Bălți
61%
Central African Republic Bangui
61%
Spain Bilbao
61%
Republic of the Congo Brazzaville
61%
United States Baltimore
59%
Colombia Bello
59%
South Africa Bloemfontein
59%
Germany Bremen
58%
Gambia Banjul
57%
Czech Republic Brno
57%
India Banda
56%
Belarus Brest, Brest
54%
France Brest, Brittany
54%
Brunei Bandar Seri Begawan
53%
Switzerland Basel
53%
Brazil Belo Horizonte
53%
Germany Bonn
52%
Belgium Bruges
51%
Indonesia Bandung
50%
Libya Benghazi
49%
Guinea-Bissau Bissau
49%
United Kingdom Brighton
48%
Turkey Bursa
48%
Iraq Basra
47%
Brazil Belém
46%
Colombia Barranquilla
44%
Burundi Bujumbura
44%
United States Buffalo
42%
India Bhopal
40%
United States Bakersfield
39%
United States Baton Rouge
39%
Germany Bielefeld
39%
United States Boise
39%
United Kingdom Bradford
37%
Portugal Braga
36%
Germany Bochum
33%
United Kingdom Bournemouth
33%
Bulgaria Burgas
33%
Poland Bydgoszcz
33%
Italy Bergamo
32%
United Kingdom Blackpool
32%
Bosnia & Herzegovina Banja Luka
31%
United States Billings
31%
Italy Brescia
31%
United Kingdom Bolton
29%
Poland Białystok
28%
United States Boulder
27%
Germany Bremerhaven
27%
Indonesia Batu
26%
Russia Belgorod
26%
United Kingdom Blackburn
26%
Malawi Blantyre
26%
Germany Braunschweig
26%
Netherlands Breda
26%
United States Bridgeport
26%
Russia Bryansk
26%
United States Brownsville
25%
Georgia Batumi
24%
Zimbabwe Bulawayo
24%
Turkey Batman
23%
India Bhilai
23%
Romania Brașov
23%
Angola Benguela
22%
United States Bellevue
21%
Canada Brampton
21%
Colombia Bucaramanga
21%
Spain Burgos
21%
Canada Burlington, Ontario
21%
Spain Badalona
20%
China Baotou
20%
Mozambique Beira
20%
United States Berkeley
20%
Spain Badajoz
19%
Venezuela Barquisimeto
19%
Indonesia Batam
17%
Israel Beersheba
17%
France Besançon
17%
Burkina Faso Bobo-Dioulasso
17%
United States Burbank
17%
China Baoding
16%
India Baran
16%
Canada Barrie
16%
Italy Bolzano
16%
Uzbekistan Bukhara
16%
Russia Barnaul
15%
United States Beaumont
15%
India Bhubaneswar
15%
Germany Bottrop
14%
France Boulogne-Billancourt
14%
Romania Bacău
13%
Romania Brăila
13%
Poland Bytom
12%
Indonesia Bandar Lampung
11%
India Bareilly
11%
DR Congo Bukavu
11%
Canada Burnaby
11%
Argentina Bahía Blanca
10%
Australia Ballarat
10%
Iran Bandar Abbas
10%
Poland Bielsko-Biała
10%
Romania Buzău
10%
Romania Baia Mare
9%
Indonesia Balikpapan
9%
Indonesia Banda Aceh
9%
India Basti
9%
China Bengbu
9%
Germany Bergisch Gladbach
9%
Brazil Boa Vista
9%
Russia Bratsk
9%
Philippines Bacolod
8%
Indonesia Bekasi
8%
Japan Beppu
8%
Somalia Berbera
8%
Belarus Babruysk
7%
Myanmar | Philippines Bago
7%
Russia Balashikha
7%
Cameroon Bamenda
7%
China Baoji
7%
Spain Barakaldo
7%
Algeria Batna
7%
Cambodia Battambang
7%
Cuba Bayamo
7%
Ukraine Berdyansk
7%
India Bikaner
7%
Algeria Blida
7%
Indonesia Bogor
7%
Romania Botoșani
7%
Brazil Bragança
7%
Ethiopia Bahir Dar
6%
Indonesia Banjarmasin
6%
Belarus Barysaw
6%
China Benxi
6%
Algeria Biskra
6%
Tunisia Bizerte
6%
Russia Blagoveshchensk
6%
DR Congo Boma
6%
Somalia Bosaso
6%
Ivory Coast Bouaké
6%
Philippines Baguio
5%
Russia Balakovo
5%
Puerto Rico (US) Bayamón
5%
China Beihai
5%
Algeria Béjaïa
5%
Ukraine Bila Tserkva
5%
South Korea Bucheon
5%
Colombia Buenaventura
5%
Cameroon Bafoussam
4%
Pakistan Bahawalpur
4%
Belarus Baranovichi
4%
Egypt Beni Suef
4%
Nepal Bharatpur, Chitwan
4%
India Bharatpur, Rajasthan
4%
China Binzhou
4%
Russia Biysk
4%
Brazil Blumenau
4%
Iran Bushehr
4%
Somalia Baidoa
3%
Turkey Balıkesir
3%
Dominican Republic Baní
3%
China Baoshan
3%
Argentina Bariloche
3%
Venezuela Barinas
3%
Bangladesh Barisal
3%
Brazil Bauru
3%
India Belgaum
3%
Morocco Beni Mellal
3%
South Africa Benoni
3%
Brazil Betim
3%
India Bhavnagar
3%
India Bhilwara
3%
India Bhuj
3%
Nepal Biratnagar
3%
Bangladesh Bogra
3%
China Bozhou
3%
Philippines Bacoor
2%
Afghanistan Baghlan
2%
Pakistan Bahawalnagar
2%
China Baicheng
2%
China Baise
2%
China Baishan
2%
China Baiyin
2%
India Ballia
2%
Turkey Bandırma
2%
Egypt Banha
2%
Oman Barka
2%
Colombia Barrancabermeja
2%
Brazil Barreiras
2%
Brazil Barueri
2%
Philippines Batangas City
2%
Russia Bataysk
2%
Malaysia Batu Pahat
2%
Israel Bat Yam
2%
China Bazhou
2%
Mauritius Beau-Bassin Rose-Hill
2%
Algeria Béchar
2%
Brazil Belford Roxo
2%
India Bellary
2%
Indonesia Bengkulu
2%
Russia Berezniki
2%
India Bhagalpur
2%
India Bharuch
2%
India Bhiwandi
2%
India Bidar
2%
Malaysia Bintulu
2%
Nepal Birgunj
2%
Iran Birjand
2%
Israel Bnei Brak
2%
India Bokaro Steel City
2%
South Africa Boksburg
2%
Turkey Bolu
2%
Algeria Bordj Bou Arréridj
2%
South Africa Botshabelo
2%
Algeria Bou Saâda
2%
Brazil Brusque
2%
Philippines Bulan
2%
Saudi Arabia Buraidah
2%
India Burhanpur
2%
Nepal Butwal
2%
Iran Babol
1%
Brazil Bacabal
1%
India Badlapur
1%
India Bagaha
1%
India Bagalkot
1%
Brazil Bagé
1%
India Bahadurgarh
1%
India Baharampur
1%
India Bahraich
1%
India Baidyabati
1%
Dominican Republic Bajos de Haina
1%
India Baleshwar
1%
Philippines Baliuag
1%
Brazil Balneário Camboriú
1%
India Balurghat
1%
Iran Bandar-e Anzali
1%
Iran Bandar-e Mahshahr
1%
India Bankura
1%
India Bansberia
1%
India Banswara
1%
Iraq Baqubah
1%
Algeria Baraki
1%
Brazil Barbacena
1%
Brazil Barcarena
1%
India Bardhaman
1%
Algeria Barika
1%
India Baripada
1%
India Barnala
1%
India Barrackpore
1%
Brazil Barra Mansa
1%
Brazil Barretos
1%
India Barshi
1%
India Basirhat
1%
India Batala
1%
India Bathinda
1%
Philippines Bayambang
1%
China Bayannur
1%
Philippines Bayawan
1%
Philippines Baybay
1%
India Beawar
1%
India Beed
1%
India Begusarai
1%
Iran Behbahan
1%
China Bei'an
1%
China Beipiao
1%
Israel Beit Shemesh
1%
Brazil Bento Goncalves
1%
Morocco Berkane
1%
Morocco Berrechid
1%
India Bettiah
1%
India Betul
1%
India Bhadrak
1%
India Bhadravati
1%
Pakistan Bhalwal
1%
India Bhimavaram
1%
Nepal Bhimdatta
1%
India Bhind
1%
India Bhiwadi
1%
India Bhiwani
1%
India Bhusawal
1%
India Bihar Sharif
1%
India Bilaspur
1%
Philippines Biñan
1%
Philippines Binangonan
1%
Indonesia Binjai
1%
Brazil Birigui
1%
Ethiopia Bishoftu
1%
Indonesia Bitung
1%
Indonesia Blitar
1%
Dominican Republic Boca Chica
1%
Philippines Bocaue
1%
Dominican Republic Bonao
1%
Philippines Bongao
1%
Algeria Bordj El Kiffan
1%
China Bortala
1%
Iran Borujerd
1%
China Botou
1%
Brazil Botucatu
1%
Algeria Bouïra
1%
Brazil Bragança Paulista
1%
India Budaun
1%
Iran Bukan
1%
India Bulandshahr
1%
India Bundi
1%
Somalia Burao
1%
Pakistan Burewala
1%
Philippines Butuan
1%
India Buxar
1%
India Bangaon
0%
India Baraut
0%
Venezuela Baruta
0%
Iraq Bashiqa
0%
India Berhampur
0%
Iran Bojnord
0%
India Botad
0%
Vietnam Buôn Ma Thuột
0%
No matching quizzes found
Score Distribution
Percent of People with Each Score
Percentile by Number Answered
Your Score History
You have not taken this quiz